01013cam a2200301 a 45000010005000000030006000050050017000110080041000280100017000690200018000860200015001040200018001190400030001370500015001670820009001821000021001912450051002122600035002633000042002984900024003405050007003645200224003715210018005955210018006136500034006316500024006656500022006894231FISKH20240705142141.0090512s2007 nyua j 000 1 eng d a 2009419286 a9780545004015 a0545004012 a9780545004015 aSFPcSFPdOCLCQdDLCbeng aPZ7.R6433  a511 1 aRoland, Timothy.10aOur crazy class election /cby Timothy Roland. aNew York :bScholastic,c2007. a90 pages : billustrations ; c20 cm 1 aComic guy ;vBook 1 aJ  aWhile trying to find material for his school newspaper comic strip, fifth-grader Guy Maloney finds himself running for homeroom president against Tank, the school's biggest bully, and Ollie, the science room pet monkey.8 a460 bLexile 8 aJ bRaz-Plus  1aCartoons and comicsvFiction. 1aElectionsvFiction. 1aSchoolsvFiction.